Экономические игры с природой (практикум с решениями задач): учебное пособие для вузов

Bibliografiske detaljer
Hovedforfatter: Лабскер Л. Г. Лев Григорьевич
Institution som forfatter: Финансовый университет при Правительстве Российской Федерации
Andre forfattere: Ященко Н. А. Наталия Алексеевна (редактор), Лабскер Л. Г.
Summary:К 95-летию Финансового университета при Правительстве Российской Федерации.
Состоит из двух разделов: первый содержит основные теоретические сведения об играх с природой и условия задач из финансово-экономической области. Во втором разделе приведены решения этих задач с использованием свойств игровых моделей данного класса. Соответствует действующему Федеральному государственному образовательному стандарту высшего образования нового поколения. Для студентов, обучающихся по программам подготовки бакалавров по экономическим и математическим направлениям, может быть полезно магистрантам и аспирантам в рамках изучения дисциплин « Теория игр», «Принятие решений», «Экономико-математическое моделирование» и др., а также преподавателям этих курсов при подготовке к практическим занятиям.
Sprog:russisk
Udgivet: Москва, КноРус, 2015
Serier:Бакалавриат и магистратура
Fag:
Format: MixedMaterials Bog
KOHA link:https://koha.lib.tpu.ru/cgi-bin/koha/opac-detail.pl?biblionumber=261971

MARC

LEADER 00000nam0a2200000 4500
001 261971
005 20231101233618.0
010 |a 9785406037096 
035 |a (RuTPU)RU\TPU\book\284953 
090 |a 261971 
100 |a 20140528d2015 m y0rusy50 ca 
101 0 |a rus 
102 |a RU 
105 |a a j 011zy 
200 1 |a Экономические игры с природой (практикум с решениями задач)  |e учебное пособие для вузов  |f Л. Г. Лабскер, Н. А. Ященко  |g Финансовый университет при Правительстве Российской Федерации ; под ред. Л. Г. Лабскера 
210 |a Москва  |c КноРус  |d 2015 
215 |a 506 с.  |c ил. 
225 1 |a Бакалавриат и магистратура 
300 |a К 95-летию Финансового университета при Правительстве Российской Федерации. 
320 |a Библиогр.: с. 504-506. 
330 |a Состоит из двух разделов: первый содержит основные теоретические сведения об играх с природой и условия задач из финансово-экономической области. Во втором разделе приведены решения этих задач с использованием свойств игровых моделей данного класса. Соответствует действующему Федеральному государственному образовательному стандарту высшего образования нового поколения. Для студентов, обучающихся по программам подготовки бакалавров по экономическим и математическим направлениям, может быть полезно магистрантам и аспирантам в рамках изучения дисциплин « Теория игр», «Принятие решений», «Экономико-математическое моделирование» и др., а также преподавателям этих курсов при подготовке к практическим занятиям. 
606 1 |a Игровые модели  |x Экономико-математические методы  |2 stltpush  |3 (RuTPU)RU\TPU\subj\38807  |9 59090 
610 1 |a экономические игры 
610 1 |a математические методы 
610 1 |a финансовая математика 
610 1 |a игровые модели 
610 1 |a задачи 
610 1 |a решения 
610 1 |a учебные пособия 
686 |a Ув635я73  |v LBC/SL-A  |2 rubbk 
700 1 |a Лабскер  |b Л. Г.  |g Лев Григорьевич 
701 1 |a Ященко  |b Н. А.  |g Наталия Алексеевна 
702 1 |a Лабскер  |b Л. Г.  |4 340 
712 0 2 |a Финансовый университет при Правительстве Российской Федерации  |c (Москва)  |c (2010- )  |2 stltpush  |3 (RuTPU)RU\TPU\col\17114  |9 26530 
801 1 |a RU  |b 63413507  |c 20140528 
801 2 |a RU  |b 63413507  |c 20230221  |g RCR 
942 |c BK 
959 |a 90/20140528  |d 2  |e 530,00  |f ЧЗГЛ:1  |f АНЛ:1